[Event "Challenge"]
[Site "http://www.queenalice.com/game.php?id=214839"]
[Date "2007.5.22"]
[Round "-"]
[White "toldowisk"]
[Black "Knightequila"]
[Result "0-1"]
[WhiteElo "2001"]
[BlackElo "1789"]

1. d4 d5 2. c4 e6 3. Nc3 Nf6 4. Bg5 Be7 5. e3 c6 6. Be2 O-O 7. Nf3 Nbd7 8. O-O
Re8 9. cxd5 exd5 10. Bd3 Ne4 11. Bf4 Ndf6 12. Nd2 Bd6 13. Bxd6 Qxd6 14. f3 Nxc3
15. bxc3 Rxe3 16. Qc2 Bd7 17. Rad1 Rae8 18. Nb3 b6 19. Qb1 c5 20. dxc5 bxc5 21.
c4 d4 22. Qc1 Ba4 23. Qa3 Bxb3 24. axb3 Nh5 25. Be4 Qb6 26. Rd3 Rxd3 27. Bxd3
Re3 28. Bc2 Nf4 29. Ra1 d3 30. Bd1 d2 31. h3 Re1+ 32. Kh2 Qg6 33. g3 Nh5 34. g4
Qd6+ 0-1

[Event "Tequila 1833"]
[Site "http://www.queenalice.com/game.php?id=328007"]
[Date "2007.12.30"]
[Round "-"]
[White "Benoliel"]
[Black "Knightequila"]
[Result "0-1"]
[WhiteElo "1922"]
[BlackElo "1833"]

1. d4 d5 2. c4 e6 3. Nc3 Nf6 4. Bg5 Be7 5. Nf3 c6 6. e3 Nbd7 7. Bd3 dxc4 8. Bxc4
Nd5 9. Bxe7 Qxe7 10. O-O Nxc3 11. bxc3 e5 12. e4 exd4 13. cxd4 O-O 14. Re1 Nb6
15. Bb3 Bg4 16. Rc1 Rad8 17. e5 Bxf3 18. Qxf3 Rxd4 19. e6 f6 20. Rc5 Kh8 21. Rh5
g6 22. Rh6 Qg7 23. e7 Re8 24. Rh3 Rxe7 25. Rxe7 Qxe7 26. g3 Kg7 27. g4 Qe1+ 28.
Kg2 Nd5 29. Qg3 Nf4+ 30. Kf3 Qe4# 0-1

[Event "Too much Tequila 1"]
[Site "http://www.queenalice.com/game.php?id=363155"]
[Date "2008.2.29"]
[Round "-"]
[White "Knightequila"]
[Black "technicaldraw"]
[Result "1-0"]
[WhiteElo "1863"]
[BlackElo "2015"]

1. Nf3 Nc6 2. d4 d5 3. e3 Bg4 4. Be2 e6 5. b3 Bb4+ 6. Bd2 Nf6 7. Bxb4 Nxb4 8. a3
Nc6 9. Nbd2 Ne7 10. Ne5 Bxe2 11. Qxe2 O-O 12. Qb5 Qc8 13. O-O c6 14. Qb4 Ng6 15.
Nxg6 hxg6 16. f4 a5 17. Qc3 Qc7 18. h3 Rfc8 19. b4 axb4 20. axb4 b6 21. Rxa8
Rxa8 22. Rb1 b5 23. Ra1 Rxa1+ 24. Qxa1 Qe7 25. c3 Nh5 26. Qa8+ Kh7 27. Nf3 f6
28. Kf2 Qc7 29. g4 1-0

[Event "Challenge"]
[Site "http://www.queenalice.com/game.php?id=418174"]
[Date "2008.6.16"]
[Round "-"]
[White "Knightequila"]
[Black "Krummenauer"]
[Result "1-0"]
[WhiteElo "1896"]
[BlackElo "1853"]

1. Nf3 d5 2. e3 c5 3. Bb5+ Bd7 4. Bxd7+ Nxd7 5. d4 cxd4 6. exd4 e6 7. O-O Ngf6
8. Nbd2 g6 9. c3 Bg7 10. Re1 O-O 11. a4 a6 12. Qe2 Qc7 13. Ne5 Nxe5 14. Qxe5
Qxe5 15. dxe5 Nd7 16. f4 Nc5 17. g3 Rfe8 18. b3 Nd3 19. Re3 Nc5 20. Bb2 f6 21.
c4 dxc4 22. exf6 Bh8 23. Nxc4 Rad8 24. g4 Kf7 25. g5 h6 26. Ne5+ Kf8 27. Nxg6+
Kf7 28. Ne5+ 1-0

[Event "Challenge"]
[Site "http://www.queenalice.com/game.php?id=913608"]
[Date "2011.3.17"]
[Round "-"]
[White "Knightequila"]
[Black "philosopher"]
[Result "1/2-1/2"]
[WhiteElo "2019"]
[BlackElo "1900"]

1. Nf3 d5 2. e3 Nf6 3. b3 e6 4. Bb2 Be7 5. Be2 O-O 6. O-O c5 7. d4 Nbd7 8. c4 b6
9. Nc3 Bb7 10. Rc1 cxd4 11. exd4 Rc8 12. Ne5 Bd6 13. cxd5 exd5 14. Nb5 Bb8 15.
Ba3 Re8 16. Nd6 Bxd6 17. Bxd6 Ne4 18. Rxc8 Qxc8 19. Bb5 Nef6 20. Qf3 Nxe5 21.
dxe5 d4 22. Qf4 Nd5 23. Qxd4 Rd8 24. Bc4 Nc7 25. Rc1 Ne6 26. Qe3 Qd7 27. a4 Rc8
28. f4 Qc6 29. Qf2 Qe4 30. Re1 Qxf4 31. Qxf4 Nxf4 32. e6 Nxe6 33. Rxe6 fxe6 34.
Bxe6+ 1/2-1/2

[Event "Challenge"]
[Site "http://www.queenalice.com/game.php?id=913612"]
[Date "2011.3.17"]
[Round "-"]
[White "jeffcom2f"]
[Black "Knightequila"]
[Result "0-1"]
[WhiteElo "1910"]
[BlackElo "1914"]

1. e4 c6 2. d4 d5 3. Nc3 dxe4 4. Nxe4 Bf5 5. Nc3 e6 6. a3 Nf6 7. Bg5 Bd6 8. Bd3
Bg6 9. Ne4 Be7 10. Nxf6+ Bxf6 11. Bxf6 Qxf6 12. Bxg6 Qxg6 13. g3 Qe4+ 0-1

[Event "Challenge"]
[Site "http://www.queenalice.com/game.php?id=913762"]
[Date "2011.3.17"]
[Round "-"]
[White "Knightequila"]
[Black "birdman"]
[Result "1-0"]
[WhiteElo "2005"]
[BlackElo "1941"]

1. Nf3 e6 2. e4 d5 3. exd5 exd5 4. d4 Nf6 5. Bd3 Bd6 6. O-O O-O 7. Re1 Bg4 8.
Bg5 Nbd7 9. h3 Bh5 10. c4 c6 11. Nc3 Qc7 12. Rc1 h6 13. Bxf6 Nxf6 14. cxd5 Bf4
15. Rc2 Rfe8 16. g4 Bg6 17. Bxg6 fxg6 18. dxc6 bxc6 19. Rce2 Rxe2 20. Qxe2 Re8
21. Qc4+ Kh7 22. Rxe8 Nxe8 23. Qe6 Nf6 24. Ne4 Nd5 25. Nh4 Qa5 26. Qxg6+ Kh8 27.
Qf5 Qe1+ 28. Kg2 g5 29. Qf8+ Kh7 30. Qf7+ 1-0

[Event "Challenge"]
[Site "http://www.queenalice.com/game.php?id=913763"]
[Date "2011.3.17"]
[Round "-"]
[White "birdman"]
[Black "Knightequila"]
[Result "0-1"]
[WhiteElo "1957"]
[BlackElo "1990"]

1. f4 d5 2. Nf3 c5 3. e3 Nf6 4. b3 Nc6 5. Bb5 Bg4 6. O-O e6 7. Bb2 Bd6 8. d3 O-O
9. Bxc6 bxc6 10. Nbd2 Re8 11. Qe1 Bxf3 12. Nxf3 Nd7 13. Ne5 Bxe5 14. Bxe5 Nxe5
15. fxe5 Qg5 16. d4 a5 17. a4 Rec8 18. Rf3 cxd4 19. exd4 c5 20. Qf2 cxd4 21.
Rxf7 Qe3 22. Kh1 Qxf2 23. Rxf2 Rc3 24. Rd2 Rac8 25. Rxd4 Rxc2 26. Rf1 Rb2 27.
Rdf4 Rxb3 28. h4 Re3 29. Rb1 Rxe5 30. g4 Re4 0-1

[Event "Challenge"]
[Site "http://www.queenalice.com/game.php?id=914163"]
[Date "2011.3.18"]
[Round "-"]
[White "birdman"]
[Black "Knightequila"]
[Result "0-1"]
[WhiteElo "1978"]
[BlackElo "1934"]

1. c4 e5 2. Nc3 Nf6 3. g3 Bb4 4. Bg2 Nc6 5. e4 O-O 6. Nge2 Re8 7. O-O d6 8. d3
Bg4 9. h3 Be6 10. Kh2 a5 11. f4 exf4 12. gxf4 g6 13. b3 Nh5 14. d4 Qh4 15. Bb2
Bg4 16. Nd5 Ng3 17. Rf2 Nxe4 0-1

[Event "Challenge"]
[Site "http://www.queenalice.com/game.php?id=915873"]
[Date "2011.3.22"]
[Round "-"]
[White "Knightequila"]
[Black "jeffcom2f"]
[Result "1-0"]
[WhiteElo "1955"]
[BlackElo "1824"]

1. Nf3 c6 2. c4 d5 3. d4 g6 4. Nc3 Bg7 5. e3 Nf6 6. Bd3 O-O 7. O-O Bg4 8. h3 Bf5
9. Qc2 Bxd3 10. Qxd3 Re8 11. Rd1 Nbd7 12. e4 e5 13. dxe5 dxc4 14. Qxc4 Nh5 15.
g4 Rxe5 16. Nxe5 Bxe5 17. gxh5 Qe7 18. Bh6 b5 19. Qxc6 Rd8 20. f4 Qh4 21. Rxd7
Qg3+ 22. Kf1 Qxh3+ 23. Ke1 Qg3+ 24. Kd1 Qf3+ 25. Kc2 Qf2+ 26. Kb3 Rb8 27. Qb7
Qxb2+ 28. Kxb2 Bxc3+ 29. Kxc3 1-0

[Event "QA-ANNIV-07"]
[Site "http://www.queenalice.com/game.php?id=950739"]
[Date "2011.6.16"]
[Round "1"]
[White "Knightequila"]
[Black "RIVAS"]
[Result "1/2-1/2"]
[WhiteElo "2049"]
[BlackElo "2240"]

1. Nf3 Nf6 2. b3 g6 3. Bb2 Bg7 4. e3 O-O 5. Be2 d6 6. d4 Nbd7 7. Nbd2 b6 8. c4
Bb7 9. Qc2 c5 10. d5 b5 11. e4 bxc4 12. Nxc4 Nb6 13. O-O e6 14. dxe6 Bxe4 15.
exf7+ Rxf7 16. Qd2 d5 17. Nce5 Rf8 18. Rac1 Rc8 19. Rfd1 Qd6 20. h3 Nbd7 21.
Nxd7 Qxd7 22. Qa5 Qe7 23. Ba3 Nd7 24. b4 Bxf3 25. Bxf3 Rxf3 26. gxf3 Qg5+ 27.
Kf1 Qh4 28. Rxd5 Qxh3+ 29. Kg1 Bd4 30. Rxd4 Rf8 31. Rxd7 Qxf3 32. Rd2 Qg4+ 33.
Kf1 Qh3+ 34. Ke2 Qf3+ 35. Kf1 Qh3+ 36. Ke1 Qh1+ 37. Ke2 Qf3+ 38. Kf1 Qh1+ 39.
Ke2 Qf3+ 40. Kf1 1/2-1/2

[Event "QA-ANNIV-07"]
[Site "http://www.queenalice.com/game.php?id=992134"]
[Date "2011.10.1"]
[Round "2"]
[White "Michihall"]
[Black "Knightequila"]
[Result "1-0"]
[WhiteElo "1806"]
[BlackElo "2057"]

1. d4 d5 2. c4 e6 3. cxd5 exd5 4. Nc3 Nf6 5. Bg5 Be7 6. e3 c6 7. Bd3 Ne4 8. Bf4
O-O 9. Bxe4 dxe4 10. Nxe4 Qa5+ 11. Nc3 Rd8 12. Ne2 Be6 13. Qa4 Qb6 14. Qc2 Na6
15. O-O Nb4 16. Qd2 Rd7 17. a3 Na6 18. b4 Nc7 19. Bxc7 Qxc7 20. Rac1 a5 21. Nf4
axb4 22. Nxe6 bxc3 23. Nxc7 cxd2 24. Nxa8 dxc1=R 25. Rxc1 Bd8 26. a4 Ba5 27. Rc5
Bd8 28. a5 Rd5 29. Rxd5 cxd5 30. Nb6 Bxb6 31. axb6 f5 32. g3 g5 33. f3 Kf7 34.
g4 fxg4 35. fxg4 Ke6 36. Kf2 Kd6 37. Kf3 Kc6 38. e4 dxe4+ 39. Kxe4 Kxb6 40. Kd5
Kc7 41. Kc5 Kd7 42. Kd5 Ke7 43. Ke5 Kd7 44. Kd5 b6 45. Ke5 Kc6 46. Ke6 Kc7 47.
d5 Kd8 48. Kd6 b5 49. Kc5 Kd7 50. Kxb5 1-0

[Event "Challenge"]
[Site "http://www.queenalice.com/game.php?id=1042505"]
[Date "2012.3.25"]
[Round "-"]
[White "Knightequila"]
[Black "chiccogiancarlo"]
[Result "1-0"]
[WhiteElo "2051"]
[BlackElo "2070"]

1. Nf3 b6 2. e4 Bb7 3. Nc3 g6 4. Bc4 e6 5. O-O Bg7 6. d4 d6 7. Bg5 Ne7 8. Qe2 a6
9. e5 Bxf3 10. Qxf3 d5 11. Bxe7 Qxe7 12. Bxd5 Ra7 13. Bc6+ Nxc6 14. Qxc6+ Qd7
15. Qxd7+ Kxd7 16. f4 Raa8 17. Ne4 Ke7 18. c4 Rhd8 19. Rad1 h6 20. Rf3 Rd7 21.
Rfd3 f5 22. exf6+ Bxf6 23. Nxf6 Kxf6 24. Kf2 b5 25. b3 bxc4 26. bxc4 Rb8 27. Ke3
Rb4 28. c5 Ra4 29. R1d2 Kf5 30. Kf3 h5 31. g3 c6 32. h3 a5 33. g4+ hxg4+ 34.
hxg4+ Kf6 35. Ke4 Rh7 36. Rb3 Rb4 37. Rxb4 axb4 38. Rb2 Rh4 39. g5+ Ke7 40. Rxb4
Rh1 41. Rb7+ Ke8 42. Ke5 Re1+ 43. Kd6 Re4 44. Kxc6 Rxd4 45. Kc7 Rxf4 46. c6 Rd4
47. Kb8 Rd8+ 48. Ka7 Rd2 49. c7 Rxa2+ 50. Kb8 Rc2 51. c8=R+ Rxc8+ 52. Kxc8 e5
53. Rb5 Ke7 54. Rxe5+ Kd6 55. Re8 Kd5 56. Rg8 Ke5 57. Rxg6 Kf5 58. Rg7 Ke6 59.
Kd8 Kf5 60. Ke7 Kg4 61. Kf6 Kh5 62. Ra7 Kh4 63. g6 1-0

[Event "Polgar sister"]
[Site "http://www.queenalice.com/game.php?id=1045366"]
[Date "2012.4.3"]
[Round "-"]
[White "Alicepolgar"]
[Black "Knightequila"]
[Result "0-1"]
[WhiteElo "2123"]
[BlackElo "2031"]

1. d4 d5 2. c4 e6 3. Nc3 Nf6 4. Nf3 Nbd7 5. Bg5 Be7 6. e3 c6 7. Be2 O-O 8. O-O
dxc4 9. Bxc4 Nd5 10. Bxe7 Qxe7 11. e4 Nxc3 12. bxc3 e5 13. a4 exd4 14. Nxd4 Nb6
15. Bd3 Be6 16. Qc2 Rfd8 17. a5 Nc4 18. f4 Ne3 19. Qe2 Nxf1 20. Rxf1 c5 21. Nc2
c4 22. Bxc4 Qc5+ 0-1

[Event "Challenge"]
[Site "http://www.queenalice.com/game.php?id=1168487"]
[Date "2013.4.5"]
[Round "-"]
[White "Knightequila"]
[Black "Catao"]
[Result "1-0"]
[WhiteElo "2072"]
[BlackElo "2035"]

1. Nf3 c5 2. c4 Nf6 3. Nc3 e6 4. d4 cxd4 5. Nxd4 Nc6 6. e4 d6 7. Be2 Be7 8. O-O
O-O 9. Bg5 a6 10. Qd2 Bd7 11. Rfd1 Qc7 12. Rac1 Rfd8 13. Qe3 Nxd4 14. Qxd4 Bc6
15. Rd3 h6 16. Bh4 Rd7 17. Bg3 e5 18. Qe3 Nh7 19. Nd5 Bxd5 20. cxd5 Qd8 21. Rdc3
Bg5 22. f4 exf4 23. Bxf4 Bxf4 24. Qxf4 Qb6+ 25. Kh1 Qxb2 26. Bd3 Qb6 27. e5 dxe5
28. Bxh7+ Kh8 29. Qxe5 Qf6 30. Qxf6 gxf6 31. Be4 Kg7 32. a4 Re8 33. Bf3 Rde7 34.
Kg1 Rd8 35. Rc7 Rxc7 36. Rxc7 1-0

[Event "Challenge"]
[Site "http://www.queenalice.com/game.php?id=1169895"]
[Date "2013.4.9"]
[Round "-"]
[White "tallos"]
[Black "Knightequila"]
[Result "1-0"]
[WhiteElo "2104"]
[BlackElo "2087"]

1. e4 c6 2. c4 d5 3. cxd5 cxd5 4. exd5 Nf6 5. Nc3 Nxd5 6. Nf3 Nc6 7. Bc4 e6 8.
O-O Be7 9. d4 O-O 10. Re1 Bf6 11. Ne4 Nb6 12. Nxf6+ Qxf6 13. Bg5 Qf5 14. Bd3 Qd5
15. Be4 Qd7 16. Ne5 Nxe5 17. dxe5 h6 18. Qh5 f6 19. exf6 1-0

[Event "Let's Play Chess!"]
[Site "http://www.queenalice.com/game.php?id=1177466"]
[Date "2013.5.6"]
[Round "-"]
[White "Knightequila"]
[Black "jizaias"]
[Result "0-1"]
[WhiteElo "2087"]
[BlackElo "2239"]

1. Nf3 d5 2. c4 dxc4 3. e4 Nf6 4. Bxc4 Nc6 5. e5 Nd5 6. O-O Nb6 7. Bb3 Nd4 8.
Nxd4 Qxd4 9. Qf3 e6 10. Re1 Qd8 11. Nc3 Bc5 12. Qg3 g6 13. d4 Be7 14. Bh6 Qxd4
15. Bg7 Rg8 16. Bf6 Bxf6 17. exf6 c6 18. Ne4 Qd7 19. Nc5 Qd8 20. Qh4 h5 21. Nxe6
Bxe6 22. Bxe6 fxe6 23. Rxe6+ Kd7 24. Re7+ Kc8 25. f7 Rf8 26. Qe4 Qd6 27. Re6 Qd5
28. Qxg6 Kd7 29. Rae1 Rad8 30. b3 Kc8 31. h4 Qd7 0-1